Elementary particles
| Main Author: | |
|---|---|
| Format: | Section = Libro |
| Language: | Undetermined Spanish |
| Published: |
Nueva Jersey
Prentice Hall
1966
|
| Subjects: |
| LEADER | 00432nam a2200169Ia 4500 | ||
|---|---|---|---|
| 008 | 240829s9999 xx 000 0 und d | ||
| 040 | |a BIBLIOTECA-RUSB/ 539.721 F848 | ||
| 041 | |a spa | ||
| 082 | |a 539.721 F848 | ||
| 100 | 1 | |a Frazer, William R | |
| 245 | 1 | 0 | |a Elementary particles |
| 260 | |a Nueva Jersey |b Prentice Hall |c 1966 | ||
| 300 | |a 190 p. :il. | ||
| 650 | 7 | |a PARTICULAS FISICA NUCLEAR | |
| 942 | |c BK |2 ddc | ||
| 991 | |a TEXTO | ||
| 999 | |c 2241 | ||